| 000 | 00764nam a22001937a 4500 | ||
|---|---|---|---|
| 999 |
_c63934 _d63934 |
||
| 003 | Ge_BSU | ||
| 005 | 20260225120109.0 | ||
| 008 | 260225s2002 ge ||||| |||| 00| 0 geo d | ||
| 020 | _a9992869119 | ||
| 041 | _ageo | ||
| 080 | _a330.1(479.22)(092) ვ-16 | ||
| 245 |
_aვალერიან მელქაძე 90 წლისაა! _c |
||
| 264 |
_aთბილისი : _bფავორიტი, _c2002. |
||
| 300 |
_a228 გვ. ; _b 20 სმ. |
||
| 500 | _aგარეკანზე სათ.: მოგონებები გარდასულ დღეთა. | ||
| 653 | _aმელქაძე, ვალერიან. | ||
| 653 | _aქართველი ეკონომისტები. | ||
| 942 |
_2udc _cᲬᲘᲒᲜᲘ |
||